Dead By Daylight Realm Quiz - Statistics

General Stats
  • This quiz has been taken 172 times
  • The average score is 9 of 15
Answer Stats
Chapter Map % Correct
HALLOWEEN Haddonfield
79%
Original Macmillan Estate
75%
Original Coldwind Farm
70%
SAW Gideon Meat Plant
70%
Spark of Madness Lerys Memorial Institute
69%
Lullaby for the Dark Red Forest
69%
Silent Hill Midwich Elementary School
67%
Original Autohaven Wreckers
64%
Of Flesh and Mud Backwater Swamp
61%
Stranger Things Hawkins National Laboratory
61%
Shattered Bloodline Yamaoka Estate
56%
Darkness Among Us Ormond
53%
The Last Breath Crotus Prenn Asylum
48%
Nightmare on Elm Street Springwood
42%
Chains of Hate Grave of Glenvale
25%
No matching quizzes found
Score Distribution
Percent of People with Each Score
Percentile by Number Answered
Your Score History
You have not taken this quiz